Every FNaF Animatronic - Statistics

General Stats
  • This quiz has been taken 35 times
  • The average score is 80 of 169
Answer Stats
Game Introduced Animatronic % Correct
Bonnie
100%
FNaF Freddy Fazbear
100%
Chica
96%
Foxy
96%
Golden Freddy
92%
Mangle
92%
Puppet
88%
Toy Bonnie
88%
FNaF 2 Toy Freddy
88%
FNaF 3 Springtrap
84%
Toy Chica
84%
Balloon Boy
80%
Endo-02
76%
RWQFSFASXC
76%
Endo-01
72%
FNaF 4 Nightmare
72%
Nightmare Bonnie
72%
Nightmare Chica
72%
Nightmare Foxy
72%
Nightmare Freddy
72%
Withered Bonnie
72%
Withered Chica
72%
Withered Foxy
72%
Withered Freddy
72%
Withered Golden Freddy
72%
Ballora
68%
JJ
68%
Phantom Balloon Boy
68%
Phantom Chica
68%
Phantom Foxy
68%
Phantom Freddy
68%
Phantom Puppet
68%
Shadow Freddy
68%
Funtime Freddy
60%
Nightmare Fredbear
60%
Nightmarionne
60%
Phantom Mangle
60%
Vanny
60%
SL Circus Baby
56%
Funtime Chica
56%
Funtime Foxy
56%
Glamrock Chica
56%
Help Wanted Glitchtrap
56%
Helpy
56%
Jack-o-Bonnie
56%
Jack-o-Chica
56%
L.E.F.T.E.
56%
Molten Freddy
56%
Nightmare Mangle
56%
Plushtrap
56%
Roxanne Wolf
56%
Bon-Bon
52%
Bonnet
52%
Daycare Attendant
52%
El Chip
52%
Ennard
52%
Security Breach Glamrock Freddy
52%
Lolbit
52%
Mimic
52%
Montgomery Gator
52%
Nightmare Balloon Boy
52%
The Blob
52%
Bidybab
48%
Bucket Bob
48%
Burntrap
48%
Dee Dee
48%
Dreadbear
48%
Egg Baby
48%
Electrobab
48%
Fruit Punch Clown
48%
Grimm Foxy
48%
Happy Frog
48%
Lemonade Clown
48%
Minireena
48%
Mr. Can-do
48%
Mr. Hippo
48%
Mr. Hugs
48%
M.X.E.S.
48%
Neddbear
48%
No. 1 Crate
48%
Orville Elephant
48%
Pan Stan
48%
Pigpatch
48%
Prize King
48%
Rockstar Bonnie
48%
Rockstar Chica
48%
Rockstar Foxy
48%
Rockstar Freddy
48%
PS Scrapbaby
48%
Scraptrap
48%
Spring Bonnie
48%
Yenndo
48%
Candy Cadet
44%
DJ Music Man
44%
Eclipse
44%
Glamrock Bonnie
44%
Music Man
44%
UCN Fredbear
40%
Hand Unit
40%
Nightmare Endo
40%
Plushbaby
40%
Staff Bot
40%
Toxic Springtrap
40%
VR Toy Freddy
40%
8-Bit Baby
36%
Black Heart Bonnie
36%
Black Ice Frostbear
36%
Boulder Toy Bonnie
36%
Broiler Baby
36%
Catrina Toy Chica
36%
Clockwork Ballora
36%
Clown Springtrap
36%
Firework Freddy
36%
Flamethrower Endo
36%
Special Delivery Freddy Frostbear
36%
Frost Plushtrap
36%
Heartsick Baby
36%
High Score Toy Chica
36%
Liberty Chica
36%
Magician Mangle
36%
Map Bot
36%
Old Man Consequences
36%
Radioactive Foxy
36%
Ringmaster Foxy
36%
Security Puppet
36%
Sunken Toy Bonnie
36%
Swamp Balloon Boy
36%
System Error Toy Bonnie
36%
Woodland Toy Freddy
36%
Arctic Ballora
32%
Help Wanted 2 Carnie
32%
Caution Bot
32%
Chocolate Bonnie
32%
Dark Water Endo
32%
Flaming Springtrap
32%
Glamrock Endo
32%
H.E.L.P.I.
32%
Little Red Chica
32%
Mask Bot
32%
Mystic Hippo
32%
Piranha Plushtrap
32%
Ruined Glamrock Chica
32%
Ruin Ruined Glamrock Freddy
32%
Ruined Montgomery Gator
32%
Ruined Roxanne Wolf
32%
Scorching Chica
32%
Serpent Mangle
32%
Aeronaut Toy Freddy
28%
Big Bad Foxy
28%
Curse
28%
Great Escape Golden Freddy
28%
Jack-o-Moon
28%
Jetpack Balloon Boy
28%
Shadow Mangle
28%
Wind-Up Music Man
24%
Shadow Cupcake
20%
Blacklight Bonnie
16%
Blacklight Chica
16%
Blacklight Foxy
16%
Blacklight Freddy
16%
Pizza Bot
16%
Ruined Wind-Up Music Man
16%
Avalanche Balloon Boy
12%
Beacon Bonnie
12%
Endoplush
12%
Head Chef Bot
12%
Carnival Nurse
8%
Ruined Candy Cadet
8%
Withered Bon-Bon
8%
No matching quizzes found
Score Distribution
Percent of People with Each Score
Percentile by Number Answered
Your Score History
You have not taken this quiz